[Event "Mondariz op 10th"]
[Site "Mondariz"]
[Date "2012.09.01"]
[Round "8"]
[White "Lorenzo Dieguez, Manuel"]
[Black "Silva, Luis Neves Da"]
[Result "0-1"]
[WhiteElo "1679"]
[BlackElo "2115"]
[PlyCount "78"]
[EventDate "2012.08.25"]
[EventType "swiss"]
[EventRounds "8"]
[EventCountry "ESP"]
[SourceTitle "EXT 2014"]
[Source "ChessBase"]
[SourceDate "2013.11.20"]
[SourceVersion "1"]
[SourceVersionDate "2013.11.20"]
[SourceQuality "1"]

1. e4 c5 2. c3 g6 3. Nf3 Bg7 4. d4 cxd4 5. cxd4 d5 6. e5 Nc6 7. Nc3 Bg4 8. Be2 e6 9. Be3 Nh6 10. Qd2 Nf5 11. 0-0 0-0 12. Rac1 f6 13. exf6 Bxf6 14. Ne5 Nxe5 15. dxe5 Bxe2 16. Nxe2 Bxe5 17. Nd4 Qd7 18. Rce1 Bg7 19. Nxf5 Rxf5 20. f4 d4 21. Bf2 Re8 22. Re4 Rd5 23. Qd3 a6 24. Rd1 Bf6 25. Bg3 Qa4 26. a3 Kf7 27. Rc1 Re7 28. Bf2 Red7 29. Rd1 Qc6 30. Rde1 R7d6 31. Bg3 b5 32. f5 exf5 33. R4e2 Rd8 34. Rc2 Rc5 35. Qb3+ Kg7 36. Rce2 Qd5 37. Qd3 Kf7 38. Bf4 Rcc8 39. Qh3 h5 0-1

[Event "Gallego-ch U14"]
[Site "Pontedeume A Coruna"]
[Date "2010.02.15"]
[Round "6.2"]
[White "Lorenzo Dieguez, Manuel"]
[Black "Arellano Pardo, Martin"]
[Result "0-1"]
[WhiteElo "1486"]
[BlackElo "1765"]
[PlyCount "110"]
[EventDate "2010.02.13"]
[EventType "swiss"]
[EventRounds "8"]
[EventCountry "ESP"]
[SourceTitle "EXT 2024"]
[Source "ChessBase"]
[SourceDate "2023.10.10"]
[SourceVersion "1"]
[SourceVersionDate "2023.10.10"]
[SourceQuality "1"]

1. e4 d5 2. exd5 Qxd5 3. Nc3 Qa5 4. Nf3 Nf6 5. Be2 Nc6 6. d3 Bg4 7. h3 Bh5 8. 0-0 h6 9. a3 e6 10. Be3 g5 11. b4 Qf5 12. Nd4 Nxd4 13. Bxd4 Bxe2 14. Qxe2 Bg7 15. Ne4 0-0-0 16. Bxf6 Bxf6 17. Nxf6 Qxf6 18. Qe3 Kb8 19. a4 Qc3 20. Ra2 Qxb4 21. a5 a6 22. Raa1 Qd4 23. Qf3 f5 24. Rab1 Qd5 25. Rb4 Qxf3 26. gxf3 Ka7 27. Rfb1 Rb8 28. Kg2 b6 29. axb6+ Rxb6 30. Rxb6 cxb6 31. Kg3 Rc8 32. c4 Rd8 33. Rb3 Rd4 34. Rc3 Kb7 35. Rb3 Kc6 36. Kg2 b5 37. cxb5+ axb5 38. Kf1 b4 39. Ke2 Kb5 40. Rb1 Rh4 41. Rh1 g4 42. fxg4 fxg4 43. f3 gxh3 44. Kf2 h2 45. Kg3 Rh5 46. f4 b3 47. Kg4 Rc5 48. Rxh2 Rc2 49. Rh1 b2 50. Rb1 Kb4 51. Kh5 Kb3 52. Kxh6 Rc1 53. Rxb2+ Kxb2 54. Kg5 Kc3 55. Kf6 Re1 0-1